Top 15 most streamed Roddy Ricch songs - Statistics

General Stats
  • This quiz has been taken 49 times
  • The average score is 5 of 15
Answer Stats
Rank Streams Songs % Correct
1. 1,897,766,693 The Box
98%
2. 902,272,504 Ballin'
70%
3. 535,866,136 High Fashion
53%
5. 289,256,333 Die Young
40%
4. 392,296,227 Down Below
35%
8. 214,210,011 Every Season
35%
7. 226,707,764 Start Wit Me
28%
15. 59,985,542 War Baby
25%
6. 256,712,637 late at night
20%
10. 137,045,285 Tip Toe
20%
14. 63,867,170 25 million
18%
11. 120,285,106 Peta
18%
12. 87,695,004 Boom Boom Room
15%
9. 169,457,293 Bacc Seat
10%
13. 78,909,993 Big Stepper
8%
No matching quizzes found
Score Distribution
Percent of People with Each Score
Percentile by Number Answered
Your Score History
You have not taken this quiz